000 00441nam a2200181Ia 4500
005 20250623025007.0
008 240331s9999 xx 000 0 und d
020 _a9552010535
082 _bIVA
_a325
100 _aIvan, V
245 0 _aPrachandathvayaavihinsava ha viplavaya
260 _aColombo
_bS. Godage & Brothers
_c1993
300 _a167 p .,
650 _aViolence
650 _aNonviolence
650 _aRevolution
942 _cL
999 _c2521
_d2521